<?xml version="1.0" encoding="UTF-8"?>
<record
    xmlns:xsi="http://www.w3.org/2001/XMLSchema-instance"
    xsi:schemaLocation="http://www.loc.gov/MARC21/slim http://www.loc.gov/standards/marcxml/schema/MARC21slim.xsd"
    xmlns="http://www.loc.gov/MARC21/slim">

  <leader>00703nam a2200193 a 4500</leader>
  <controlfield tag="005">20180723152944.0</controlfield>
  <controlfield tag="008">140127b2005    ck ||||| |||| 00| 0 spa d</controlfield>
  <datafield tag="040" ind1=" " ind2=" ">
    <subfield code="c">CO-BoIH</subfield>
  </datafield>
  <datafield tag="041" ind1=" " ind2=" ">
    <subfield code="a">spa</subfield>
  </datafield>
  <datafield tag="044" ind1=" " ind2=" ">
    <subfield code="a">ck</subfield>
  </datafield>
  <datafield tag="090" ind1=" " ind2=" ">
    <subfield code="a">IAVH</subfield>
    <subfield code="b">00558</subfield>
  </datafield>
  <datafield tag="111" ind1=" " ind2=" ">
    <subfield code="a">Taller Aspectos Socioecon&#xF3;micos del Uso de Organismos Gen&#xE8;ticamente Modificados OGM </subfield>
    <subfield code="c">Bogot&#xE0;</subfield>
    <subfield code="d">noviembre 15, 2005</subfield>
    <subfield code="9">29939</subfield>
  </datafield>
  <datafield tag="245" ind1=" " ind2=" ">
    <subfield code="a">Taller aspectos socioecon&#xF3;micos del uso de organismos gen&#xE8;ticamente modificados OGM</subfield>
  </datafield>
  <datafield tag="260" ind1=" " ind2=" ">
    <subfield code="a">Bogot&#xE0;</subfield>
    <subfield code="b">Instituto Alexander von Humboldt</subfield>
    <subfield code="c">2005</subfield>
  </datafield>
  <datafield tag="300" ind1=" " ind2=" ">
    <subfield code="a">78 p.</subfield>
  </datafield>
  <datafield tag="650" ind1=" " ind2=" ">
    <subfield code="a">Protocolo de Cartagena sobre Bioseguridad</subfield>
    <subfield code="9">4523</subfield>
  </datafield>
  <datafield tag="650" ind1=" " ind2=" ">
    <subfield code="9">959</subfield>
    <subfield code="a">Organismos modificados gen&#xE9;ticamente</subfield>
  </datafield>
  <datafield tag="942" ind1=" " ind2=" ">
    <subfield code="2">z</subfield>
    <subfield code="c">INFORME</subfield>
  </datafield>
  <datafield tag="999" ind1=" " ind2=" ">
    <subfield code="c">5409</subfield>
    <subfield code="d">5409</subfield>
  </datafield>
  <datafield tag="952" ind1=" " ind2=" ">
    <subfield code="0">0</subfield>
    <subfield code="1">0</subfield>
    <subfield code="2">z</subfield>
    <subfield code="4">0</subfield>
    <subfield code="7">0</subfield>
    <subfield code="8">HUMBOLDT</subfield>
    <subfield code="I">INV2017</subfield>
    <subfield code="a">Bogota</subfield>
    <subfield code="b">Bogota</subfield>
    <subfield code="d">2006-12-05</subfield>
    <subfield code="l">0</subfield>
    <subfield code="o">IAVH-00558</subfield>
    <subfield code="p">027512</subfield>
    <subfield code="r">2024-08-09 00:00:00</subfield>
    <subfield code="t">Ej. 1</subfield>
    <subfield code="w">2012-12-04</subfield>
    <subfield code="x">Dep&#xF3;sito Institucional</subfield>
    <subfield code="y">INFORME</subfield>
  </datafield>
</record>
